| 000 | 00527nam a22001817a 4500 | ||
|---|---|---|---|
| 003 | OSt | ||
| 005 | 20130517123805.0 | ||
| 008 | 130517s1998 sp ||||| |||| 00| 0 spa d | ||
| 020 | _a8486792886 | ||
| 040 | _cCDMR | ||
| 100 | 1 |
_93464 _aEchevarria Llombart, Begoña |
|
| 245 | 1 | 4 |
_aLas W's del reportaje _cBegoña Echevarria Llombart |
| 260 |
_aValencia _bFundación Universitaria San Pablo C.E.U. _c1998 |
||
| 300 | _a134 p. | ||
| 490 | 0 | _aLibros de Texto | |
| 650 | 0 | 4 |
_93352 _aReportatges _vManuals, guies, etc. |
| 942 |
_2udc _cMON |
||
| 999 |
_c6281 _d6281 |
||